[Event "4. Moscu Open 2008"]
[Site "Moscu RUS"]
[Date "2008.02.03"]
[Round "2.86"]
[White "Grachev, Boris"]
[Black "Alexeev, Alexey"]
[Result "1-0"]
[WhiteElo "2601"]
[BlackElo "2316"]
[PlyCount "63"]
[EventDate "2008.02.02"]
[EventType "swiss"]
[EventRounds "9"]
[EventCountry "RUS"]
[Source "lmi"]
[SourceDate "2008.02.02"]

1. Nf3 Nf6 2. c4 c5 3. e3 e6 4. d4 d5 5. Nc3 Nc6 6. cxd5 exd5 7. Bb5 a6 8.
Bxc6+ bxc6 9. O-O Bd6 10. Qa4 Bd7 11. dxc5 Bxc5 12. e4 O-O 13. Bg5 Be7 14. e5
Ne8 15. Bxe7 Qxe7 16. Qa5 Rb8 17. Qxa6 Rxb2 18. Qa7 Qd8 19. Rab1 Rxb1 20. Rxb1
Nc7 21. h3 Bf5 22. Rb7 Ne6 23. Rd7 Qb8 24. Rxf7 Bxh3 25. Rxf8+ Qxf8 26. Nd4 Qb4
27. Nxe6 Bxe6 28. Qa8+ Kf7 29. Qxc6 d4 30. Ne4 h6 31. Nd6+ Ke7 32. Qe8# 1-0

[Event "4. Moscu Open 2008"]
[Site "Moscu RUS"]
[Date "2008.02.03"]
[Round "2.87"]
[White "Airapetian, Gor"]
[Black "Deviatkin, Andrei"]
[Result "1/2-1/2"]
[WhiteElo "2318"]
[BlackElo "2543"]
[PlyCount "80"]
[EventDate "2008.02.02"]
[EventType "swiss"]
[EventRounds "9"]
[EventCountry "RUS"]
[Source "lmi"]
[SourceDate "2008.02.02"]

1. e4 c6 2. d4 d5 3. e5 Bf5 4. Be3 e6 5. Nd2 Nd7 6. Be2 Ne7 7. f4 Bg6 8. Ngf3
Nf5 9. Bf2 h5 10. g3 Be7 11. Nb3 b5 12. a4 bxa4 13. Rxa4 Nb6 14. Ra6 Nc4 15.
Qc1 Rb8 16. O-O O-O 17. Ne1 Qc7 18. Nd3 Rb6 19. Ra2 Rb5 20. Nbc5 Ra5 21. Rxa5
Nxa5 22. b3 Nb7 23. Qa3 Nxc5 24. dxc5 a5 25. Ra1 Bd8 26. b4 axb4 27. Qxb4 f6
28. Ra6 Ne7 29. exf6 gxf6 30. c4 h4 31. Ra1 Be4 32. Qc3 hxg3 33. Bxg3 Qd7 34.
cxd5 Nxd5 35. Qd4 Qh7 36. Nf2 Bf5 37. Bf3 Qg6 38. Ra7 Rf7 39. Ra8 Rf8 40. Ra7
Rf7 1/2-1/2

[Event "4. Moscu Open 2008"]
[Site "Moscu RUS"]
[Date "2008.02.03"]
[Round "2.88"]
[White "Belous, Vladimir"]
[Black "Le, Quang Liem"]
[Result "0-1"]
[WhiteElo "2312"]
[BlackElo "2540"]
[PlyCount "66"]
[EventDate "2008.02.02"]
[EventType "swiss"]
[EventRounds "9"]
[EventCountry "RUS"]
[Source "lmi"]
[SourceDate "2008.02.02"]

1. d4 Nf6 2. c4 e6 3. Nc3 Bb4 4. Qc2 O-O 5. e4 d5 6. e5 Ne4 7. Bd3 c5 8. a3 Qa5
9. Nge2 Bxc3+ 10. bxc3 cxd4 11. cxd5 exd5 12. f3 Nxc3 13. Nxd4 Nb5+ 14. Bd2
Nxd4 15. Bxh7+ Kh8 16. Bxa5 Nxc2+ 17. Bxc2 Nc6 18. Bc7 Be6 19. Rb1 Rfc8 20.
Rxb7 Nd8 21. Bxd8 Rxc2 22. Bg5 Rxg2 23. Bd2 Rc8 24. Rb2 d4 25. h4 d3 26. Kf1
Re2 27. h5 Kh7 28. h6 g5 29. Rh5 Rg8 30. Rh1 g4 31. fxg4 Rxg4 32. Bc1 Rxb2 33.
Bxb2 d2 0-1

[Event "4. Moscu Open 2008"]
[Site "Moscu RUS"]
[Date "2008.02.03"]
[Round "2.89"]
[White "Safarli, Eltaj"]
[Black "Zakharchenko, Arnold"]
[Result "1/2-1/2"]
[WhiteElo "2496"]
[BlackElo "2309"]
[PlyCount "90"]
[EventDate "2008.02.02"]
[EventType "swiss"]
[EventRounds "9"]
[EventCountry "RUS"]
[Source "lmi"]
[SourceDate "2008.02.02"]

1. e4 c5 2. Nf3 Nc6 3. Nc3 g6 4. d4 cxd4 5. Nxd4 Bg7 6. Nde2 d6 7. g3 Nf6 8.
Bg2 O-O 9. O-O Bd7 10. h3 Rc8 11. Nd5 Re8 12. c3 Ne5 13. Nd4 Nc6 14. Be3 Nxd4
15. Bxd4 Nxd5 16. exd5 Bxd4 17. Qxd4 Qa5 18. Rfe1 Qc5 19. Qd2 Kg7 20. Re4 Bf5
21. Rh4 Rh8 22. Re1 Rc7 23. Qh6+ Kg8 24. Rf4 Qb5 25. g4 Bd3 26. Rf3 Bc4 27.
Rfe3 Qe8 28. b3 Ba6 29. Qg5 Kf8 30. Qf4 Rg8 31. a4 Qd8 32. Qh6+ Rg7 33. f4 f6
34. h4 Kg8 35. g5 f5 36. h5 b6 37. Re6 Bc8 38. R6e3 Bd7 39. Rh3 Be8 40. c4 Rd7
41. Bf3 Qc7 42. hxg6 Bxg6 43. Kg2 Qc5 44. Bh5 Qd4 45. Rf1 Qe4+ 1/2-1/2

[Event "4. Moscu Open 2008"]
[Site "Moscu RUS"]
[Date "2008.02.03"]
[Round "2.90"]
[White "Agaragimov, Djahangir"]
[Black "Sjugirov, Sanan"]
[Result "0-1"]
[WhiteElo "2314"]
[BlackElo "2491"]
[PlyCount "102"]
[EventDate "2008.02.02"]
[EventType "swiss"]
[EventRounds "9"]
[EventCountry "RUS"]
[Source "lmi"]
[SourceDate "2008.02.02"]

1. d4 Nf6 2. c4 g6 3. Nc3 Bg7 4. e4 O-O 5. Nf3 d6 6. Be2 e5 7. dxe5 dxe5 8.
Qxd8 Rxd8 9. Bg5 Nbd7 10. O-O-O Rf8 11. Nd5 c6 12. Ne7+ Kh8 13. Nxc8 Raxc8 14.
Be3 b6 15. Kc2 Rfe8 16. g4 Nf8 17. Nd2 c5 18. g5 Ng8 19. Bg4 Rc7 20. Nb1 h5 21.
Bh3 Ne7 22. Nc3 Nc6 23. Nd5 Rb7 24. Rhf1 Ne6 25. Bxe6 fxe6 26. Nc3 Nd4+ 27.
Bxd4 exd4 28. Ne2 b5 29. cxb5 Rxb5 30. b3 Ra5 31. Kb1 c4 32. Nxd4 cxb3 33. Nxb3
Rxg5 34. Rg1 Rxg1 35. Rxg1 Kh7 36. f3 Rf8 37. Rf1 Be5 38. h3 g5 39. Kc2 Kg6 40.
Kd3 g4 41. hxg4 hxg4 42. Ke2 g3 43. f4 Bxf4 44. Nd4 e5 45. Ne6 Rf6 46. Nxf4+
Rxf4 47. Rg1 Rxe4+ 48. Kf3 Ra4 49. Rg2 Kf5 50. Rb2 Ra3+ 51. Kg2 Kf4 0-1

[Event "4. Moscu Open 2008"]
[Site "Moscu RUS"]
[Date "2008.02.03"]
[Round "2.91"]
[White "Konovalov, Nikolay"]
[Black "Grechihin, Valery"]
[Result "1/2-1/2"]
[WhiteElo "2453"]
[BlackElo "2306"]
[PlyCount "54"]
[EventDate "2008.02.02"]
[EventType "swiss"]
[EventRounds "9"]
[EventCountry "RUS"]
[Source "lmi"]
[SourceDate "2008.02.02"]

1. d4 Nf6 2. c4 c5 3. d5 g6 4. Nc3 Bg7 5. g3 O-O 6. Bg2 d6 7. Nf3 a6 8. a4 e6
9. O-O exd5 10. cxd5 Re8 11. Bf4 Ne4 12. Nxe4 Rxe4 13. Nd2 Rb4 14. Ne4 Bf5 15.
Nxd6 Rxf4 16. Nxb7 Qb6 17. gxf4 Qxb7 18. e4 Bc8 19. e5 Ra7 20. b4 cxb4 21. Qd4
a5 22. Ra2 Ra6 23. Rd2 Bf5 24. d6 Qb6 25. Qxb6 Rxb6 26. Rd5 b3 27. Rb5 Nd7
1/2-1/2

[Event "4. Moscu Open 2008"]
[Site "Moscu RUS"]
[Date "2008.02.03"]
[Round "2.92"]
[White "Gankin, Stanislav"]
[Black "Eliseev, Alexei"]
[Result "1/2-1/2"]
[WhiteElo "2308"]
[BlackElo "2412"]
[PlyCount "136"]
[EventDate "2008.02.02"]
[EventType "swiss"]
[EventRounds "9"]
[EventCountry "RUS"]
[Source "lmi"]
[SourceDate "2008.02.02"]

1. b4 Nf6 2. Bb2 e6 3. a3 b6 4. Nf3 Bb7 5. e3 c5 6. bxc5 Bxc5 7. c4 O-O 8. Be2
d5 9. cxd5 exd5 10. O-O Nc6 11. Nd4 Nxd4 12. Bxd4 Bxd4 13. exd4 Ne4 14. d3 Ng5
15. Nd2 Qf6 16. Qa4 Rfe8 17. Rfe1 Bc6 18. Qb4 Qg6 19. Kf1 Bd7 20. Nf3 Rxe2 21.
Kxe2 Bg4 22. Qb5 Bxf3+ 23. gxf3 Qf5 24. Kd1 Qxf3+ 25. Kc2 Ne6 26. Rxe6 fxe6 27.
Qc6 Qe2+ 28. Kc3 Rf8 29. Rg1 g6 30. h4 Rxf2 31. Qe8+ Kg7 32. Qe7+ Rf7 33. Qd6
Qf2 34. Rh1 Qf4 35. Qxe6 Rc7+ 36. Kb3 Qxd4 37. Qe2 Qc3+ 38. Ka2 Qc2+ 39. Qxc2
Rxc2+ 40. Kb3 Rc7 41. Rf1 d4 42. Rf3 Kh6 43. Kb4 Kh5 44. Rf4 h6 45. Rxd4 g5 46.
hxg5 hxg5 47. Rd8 g4 48. Rg8 Rc5 49. Rh8+ Kg6 50. Rg8+ Kf5 51. d4 Rd5 52. Kc4
Ra5 53. Rf8+ Ke4 54. Re8+ Kf4 55. d5 g3 56. d6 g2 57. Rg8 Rc5+ 58. Kb3 Kf3 59.
Rf8+ Ke4 60. Rg8 Rd5 61. Rxg2 Rxd6 62. Rg7 a6 63. Ra7 a5 64. Kc4 Ke3 65. Rb7
Kd2 66. Rh7 Kc1 67. Rh2 Kb1 68. Kb5 Rd3 1/2-1/2

[Event "4. Moscu Open 2008"]
[Site "Moscu RUS"]
[Date "2008.02.03"]
[Round "2.93"]
[White "Slugin, Sergey"]
[Black "Musaev, Mansur"]
[Result "1-0"]
[WhiteElo "2402"]
[BlackElo "2303"]
[PlyCount "103"]
[EventDate "2008.02.02"]
[EventType "swiss"]
[EventRounds "9"]
[EventCountry "RUS"]
[Source "lmi"]
[SourceDate "2008.02.02"]

1. d4 d5 2. c4 c6 3. Nf3 Nf6 4. Qb3 e6 5. g3 Nbd7 6. Bg2 Ne4 7. O-O Bd6 8. Nc3
f5 9. c5 Be7 10. Ne1 e5 11. e3 b6 12. Qa4 b5 13. Qb3 b4 14. Ne2 a5 15. Nd3 Qc7
16. a3 bxa3 17. Qxa3 O-O 18. f3 Nef6 19. dxe5 Nxe5 20. Nxe5 Qxe5 21. Nd4 Bd7
22. Qc3 Qc7 23. Bd2 Rfe8 24. Ra4 g5 25. Qc2 f4 26. exf4 gxf4 27. Bxf4 Qa7 28.
b4 Qb7 29. Rb1 axb4 30. Rbxb4 Qc8 31. Bf1 Rxa4 32. Rxa4 Nh5 33. Bd2 Ng7 34. Bd3
h5 35. Ba6 Qd8 36. Bf4 h4 37. Bb7 Bg5 38. Qd2 Bxf4 39. Qxf4 Qe7 40. Qc1 Qf6 41.
Ba6 Qe5 42. Kf2 Nh5 43. Ne2 hxg3+ 44. hxg3 Re7 45. Bd3 Rg7 46. Ra8+ Kf7 47. Ra7
Ke8 48. Qh6 Nxg3 49. Bg6+ Kd8 50. Qh8+ Ke7 51. Qh4+ Qf6 52. Rxd7+ 1-0

[Event "4. Moscu Open 2008"]
[Site "Moscu RUS"]
[Date "2008.02.03"]
[Round "2.94"]
[White "Orlov, Nikolay I"]
[Black "Chernobay, Artem"]
[Result "0-1"]
[WhiteElo "2314"]
[BlackElo "2401"]
[PlyCount "66"]
[EventDate "2008.02.02"]
[EventType "swiss"]
[EventRounds "9"]
[EventCountry "RUS"]
[Source "lmi"]
[SourceDate "2008.02.02"]

1. d4 Nf6 2. c4 g6 3. Nc3 Bg7 4. Nf3 O-O 5. Bg5 d6 6. e3 Nbd7 7. Bd3 c6 8. O-O
e5 9. Qc2 Re8 10. Bh4 Qc7 11. Rac1 Nf8 12. h3 Nh5 13. c5 exd4 14. cxd6 Qxd6 15.
exd4 Ne6 16. Rfe1 Bd7 17. Ne4 Qf4 18. Bg5 Nxg5 19. Nexg5 h6 20. Nxf7 Qxf7 21.
Bxg6 Qd5 22. Bxe8 Bxe8 23. Qc4 Bf7 24. Ne5 Nf4 25. Qf1 Be6 26. Nd3 Rf8 27. Nxf4
Rxf4 28. Qe2 Bf7 29. g3 Rxd4 30. Rcd1 c5 31. b3 Bh5 32. Rxd4 cxd4 33. g4 Bg6
0-1

[Event "4. Moscu Open 2008"]
[Site "Moscu RUS"]
[Date "2008.02.03"]
[Round "2.95"]
[White "Zemtsov, Igor"]
[Black "Lyaskovsky, Valentin"]
[Result "1-0"]
[WhiteElo "2400"]
[BlackElo "2297"]
[PlyCount "27"]
[EventDate "2008.02.02"]
[EventType "swiss"]
[EventRounds "9"]
[EventCountry "RUS"]
[Source "lmi"]
[SourceDate "2008.02.02"]

1. e4 c5 2. Nf3 Nc6 3. Nc3 e5 4. Bc4 Be7 5. d3 d6 6. h4 Nf6 7. Ng5 O-O 8. Nd5
Ng4 9. f3 Nf6 10. f4 Ng4 11. f5 h5 12. Ne3 Bxg5 13. hxg5 Qxg5 14. Nd5 1-0

[Event "4. Moscu Open 2008"]
[Site "Moscu RUS"]
[Date "2008.02.03"]
[Round "2.96"]
[White "Demidov, Mikhail"]
[Black "Aleshin, Oleg"]
[Result "1-0"]
[WhiteElo "2289"]
[BlackElo "2398"]
[PlyCount "75"]
[EventDate "2008.02.02"]
[EventType "swiss"]
[EventRounds "9"]
[EventCountry "RUS"]
[Source "lmi"]
[SourceDate "2008.02.02"]

1. d4 Nf6 2. Nf3 e6 3. c4 d5 4. e3 c6 5. Nbd2 Nbd7 6. Bd3 Bd6 7. O-O O-O 8. e4
e5 9. cxd5 cxd5 10. Re1 Qc7 11. exd5 exd4 12. Nc4 Bc5 13. d6 Bxd6 14. Nxd6 Qxd6
15. Bc2 Nc5 16. Qxd4 Qxd4 17. Nxd4 Bd7 18. Bg5 Rac8 19. Nf5 Kh8 20. Rad1 Be6
21. Nd6 Rc7 22. Nb5 Rcc8 23. Bb1 a6 24. Nd6 Rc7 25. f4 Na4 26. f5 Bd7 27. Re7
Nxb2 28. Rd4 h6 29. Bxf6 Rc1+ 30. Kf2 Bc6 31. Nxf7+ Kh7 32. Rg4 gxf6 33. Nxh6+
Kh8 34. Rgg7 Nd1+ 35. Ke2 Nc3+ 36. Kd2 Rd8+ 37. Kxc1 Rd1+ 38. Kb2 1-0

[Event "4. Moscu Open 2008"]
[Site "Moscu RUS"]
[Date "2008.02.03"]
[Round "2.97"]
[White "Peregudov, Nickolai"]
[Black "Pletnev, Evgeniy"]
[Result "1-0"]
[WhiteElo "2398"]
[BlackElo "2285"]
[PlyCount "79"]
[EventDate "2008.02.02"]
[EventType "swiss"]
[EventRounds "9"]
[EventCountry "RUS"]
[Source "lmi"]
[SourceDate "2008.02.02"]

1. d4 f5 2. Nf3 Nf6 3. c4 g6 4. g3 Bg7 5. Bg2 O-O 6. O-O d6 7. Nc3 c6 8. b3 Qc7
9. Ba3 a5 10. Rc1 Na6 11. d5 Bd7 12. Nd4 Nb4 13. Qd2 Rae8 14. Rfd1 Rf7 15. e3
Ng4 16. h3 Nf6 17. Qe2 e5 18. dxe6 Bxe6 19. Nxe6 Rxe6 20. Nd5 Qd8 21. Nxb4 axb4
22. Bxb4 Ne4 23. Be1 g5 24. Qc2 Qe7 25. f3 Nc5 26. Bf2 f4 27. exf4 gxf4 28. g4
Nd7 29. Re1 Ne5 30. Re4 h5 31. Rce1 hxg4 32. hxg4 Qg5 33. Kf1 Rh6 34. Qe2 c5
35. Qd2 Rh2 36. Qxd6 Nxg4 37. Re8+ Bf8 38. fxg4 Qxg4 39. Rxf8+ Rxf8 40. Bd5+
1-0

[Event "4. Moscu Open 2008"]
[Site "Moscu RUS"]
[Date "2008.02.03"]
[Round "2.98"]
[White "Kurdakov, Yuri"]
[Black "Tonoian, Armen"]
[Result "0-1"]
[WhiteElo "2286"]
[BlackElo "2398"]
[PlyCount "92"]
[EventDate "2008.02.02"]
[EventType "swiss"]
[EventRounds "9"]
[EventCountry "RUS"]
[Source "lmi"]
[SourceDate "2008.02.02"]

1. c4 c5 2. Nc3 Nf6 3. Nf3 e6 4. e3 d5 5. d4 Nc6 6. cxd5 exd5 7. Bb5 Bd6 8.
dxc5 Bxc5 9. Nd4 Qd6 10. Na4 Bb4+ 11. Bd2 Ne4 12. Nc3 Nxd2 13. Qxd2 O-O 14. a3
Ba5 15. Nb3 Qg6 16. Bxc6 Bxc3 17. Qxc3 bxc6 18. Kf1 Rb8 19. Nc5 Re8 20. f3 Qh6
21. Kf2 Bf5 22. h4 Re7 23. Rae1 Rbe8 24. Qd4 Re5 25. g3 Bc8 26. Re2 Qf6 27.
Rhe1 h5 28. Nd3 Ba6 29. Nxe5 Bxe2 30. Kxe2 Rxe5 31. f4 Re6 32. Qxf6 Rxf6 33.
Rc1 Re6 34. f5 Rf6 35. Kd3 Kf8 36. e4 dxe4+ 37. Kxe4 Ke7 38. Rc5 Rd6 39. Ra5
Rd7 40. f6+ Kxf6 41. Rxh5 Rd2 42. b4 Rg2 43. Kf3 Rc2 44. Ra5 Rc3+ 45. Kg4 Ke6
46. Ra6 f5+ 0-1

[Event "4. Moscu Open 2008"]
[Site "Moscu RUS"]
[Date "2008.02.03"]
[Round "2.99"]
[White "Potapov, Pavel"]
[Black "Kashlinskaya, Alina"]
[Result "1-0"]
[WhiteElo "2395"]
[BlackElo "2276"]
[PlyCount "103"]
[EventDate "2008.02.02"]
[EventType "swiss"]
[EventRounds "9"]
[EventCountry "RUS"]
[Source "lmi"]
[SourceDate "2008.02.02"]

1. e4 c5 2. Nf3 Nc6 3. c3 Nf6 4. e5 Nd5 5. Bc4 Nb6 6. Bb3 c4 7. Bc2 Qc7 8. Qe2
g5 9. e6 dxe6 10. Nxg5 Qe5 11. d4 cxd3 12. Bxd3 Qxe2+ 13. Bxe2 h6 14. Ne4 e5
15. Ng3 Be6 16. Nd2 O-O-O 17. O-O f5 18. Re1 Bg7 19. Nb3 Kb8 20. Nc5 Bc8 21. a4
Nd5 22. Bb5 Rd6 23. Nh5 Bf6 24. Nd3 Rhd8 25. Bxc6 Rxc6 26. Nxe5 Bxe5 27. Rxe5
Nf6 28. Ng3 Rd1+ 29. Nf1 Ne4 30. Rxe4 fxe4 31. Bf4+ Rdd6 32. Ng3 Rc4 33. Re1 e3
34. Bxd6+ exd6 35. Rxe3 Rxa4 36. f3 a5 37. Kf2 Ra2 38. Re2 a4 39. Ke3 b5 40.
Rd2 d5 41. Ne2 Ba6 42. Nc1 Ra1 43. Nd3 a3 44. bxa3 Rxa3 45. Kd4 Kc7 46. Nb4 Bb7
47. Re2 Kd6 48. Re8 Ra1 49. Rd8+ Kc7 50. Rh8 Rd1+ 51. Kc5 Re1 52. Rh7+ 1-0

[Event "4. Moscu Open 2008"]
[Site "Moscu RUS"]
[Date "2008.02.03"]
[Round "2.100"]
[White "Matvienko, Ivan"]
[Black "Krivoborodov, Egor"]
[Result "0-1"]
[WhiteElo "2271"]
[BlackElo "2394"]
[PlyCount "64"]
[EventDate "2008.02.02"]
[EventType "swiss"]
[EventRounds "9"]
[EventCountry "RUS"]
[Source "lmi"]
[SourceDate "2008.02.02"]

1. e4 c5 2. Nf3 Nc6 3. d4 cxd4 4. Nxd4 Nf6 5. Nc3 d6 6. Be2 e6 7. O-O Be7 8.
Kh1 O-O 9. f4 Nxd4 10. Qxd4 b6 11. Bf3 Bb7 12. Be3 Qc8 13. Rad1 Rd8 14. Rf2 d5
15. e5 Ne4 16. Qa4 Nxf2+ 17. Bxf2 Bc5 18. Bd4 Qc6 19. Qxc6 Bxc6 20. Ne2 Bb5 21.
Kg1 Bxe2 22. Bxe2 Rac8 23. c3 f6 24. exf6 gxf6 25. Kf2 e5 26. Bxc5 Rxc5 27. Ke3
d4+ 28. cxd4 Rxd4 29. Rxd4 exd4+ 30. Kxd4 Kf7 31. Bf3 Ke6 32. b4 Rc2 0-1

[Event "4. Moscu Open 2008"]
[Site "Moscu RUS"]
[Date "2008.02.03"]
[Round "2.101"]
[White "Polivanov, Anatoliy"]
[Black "Rozanov, Pavel B"]
[Result "1-0"]
[WhiteElo "2391"]
[BlackElo "2253"]
[PlyCount "39"]
[EventDate "2008.02.02"]
[EventType "swiss"]
[EventRounds "9"]
[EventCountry "RUS"]
[Source "lmi"]
[SourceDate "2008.02.02"]

1. e4 e6 2. Nc3 d5 3. Nf3 dxe4 4. Nxe4 Bd7 5. Bc4 Bc6 6. Qe2 Nd7 7. d4 Ngf6 8.
Nxf6+ Nxf6 9. Ne5 Qxd4 10. Nxf7 Kxf7 11. Qxe6+ Kg6 12. Qf7+ Kf5 13. g4+ Kxg4
14. Rg1+ Kh4 15. Bg5+ Kh3 16. Bxf6 Qe4+ 17. Kf1 Be8 18. Qe6+ Qxe6 19. Bxe6+
Kxh2 20. Be5# 1-0

[Event "4. Moscu Open 2008"]
[Site "Moscu RUS"]
[Date "2008.02.03"]
[Round "2.102"]
[White "Onoprijchuk, Boris"]
[Black "Omariev, Maksim"]
[Result "1-0"]
[WhiteElo "2390"]
[BlackElo "2242"]
[PlyCount "89"]
[EventDate "2008.02.02"]
[EventType "swiss"]
[EventRounds "9"]
[EventCountry "RUS"]
[Source "lmi"]
[SourceDate "2008.02.02"]

1. e4 c5 2. Nf3 d6 3. d4 cxd4 4. Nxd4 Nf6 5. Nc3 a6 6. Be2 e5 7. Nb3 Be7 8. O-O
O-O 9. Be3 Be6 10. Qd2 Nbd7 11. a4 Qc7 12. a5 Rac8 13. Rfc1 Qc6 14. Bf3 Bc4 15.
Qd1 Rfe8 16. h3 h6 17. Ra4 Nh7 18. Rb4 Bg5 19. Nd5 Bxd5 20. exd5 Qc7 21. Bxg5
Nxg5 22. Bg4 g6 23. h4 Nh7 24. h5 Nhf6 25. hxg6 fxg6 26. Be6+ Kg7 27. c4 Rcd8
28. Qe1 Nf8 29. c5 Nxe6 30. cxd6 Qxd6 31. dxe6 b5 32. axb6 Nd5 33. Ra4 Rxe6 34.
Rxa6 Nxb6 35. Nc5 Re7 36. Na4 Rb8 37. Qe3 Re6 38. Ra7+ Nd7 39. Nc5 Re7 40. Rxd7
Rxd7 41. Nxd7 Rxb2 42. Nxe5 Qb6 43. Qf4 h5 44. Nc4 Rxf2 45. Qxf2 1-0

[Event "4. Moscu Open 2008"]
[Site "Moscu RUS"]
[Date "2008.02.03"]
[Round "2.103"]
[White "Fomin, Vladimir"]
[Black "Chudinovskikh, Alexander M"]
[Result "0-1"]
[WhiteElo "2242"]
[BlackElo "2389"]
[PlyCount "80"]
[EventDate "2008.02.02"]
[EventType "swiss"]
[EventRounds "9"]
[EventCountry "RUS"]
[Source "lmi"]
[SourceDate "2008.02.02"]

1. d4 Nf6 2. Nf3 d5 3. c4 e6 4. Nc3 Be7 5. Bg5 O-O 6. e3 Nbd7 7. Bd3 dxc4 8.
Bxc4 a6 9. O-O b5 10. Bd3 c5 11. Rc1 Bb7 12. Bb1 b4 13. Na4 cxd4 14. Nxd4 Qa5
15. Bh4 Rac8 16. b3 Rxc1 17. Qxc1 Qh5 18. Bg3 Rc8 19. Qd1 Qxd1 20. Rxd1 Ne4 21.
Bd3 Nxg3 22. hxg3 g6 23. Bc4 Ne5 24. Be2 Rc7 25. f4 Nd7 26. Bc4 Nf6 27. Re1 h5
28. Be2 Ne4 29. g4 Bh4 30. Rf1 Ng3 31. Rd1 Nxe2+ 32. Nxe2 Rc2 33. Kf1 hxg4 34.
g3 Bf3 35. Re1 Bf6 36. Nd4 Bxd4 37. exd4 Rg2 38. Nc5 Rxg3 39. Nxa6 Rh3 40. Nxb4
g3 0-1

[Event "4. Moscu Open 2008"]
[Site "Moscu RUS"]
[Date "2008.02.03"]
[Round "2.104"]
[White "Kostin, Alexey"]
[Black "Kolmakov, Pavel"]
[Result "0-1"]
[WhiteElo "2389"]
[BlackElo "2241"]
[PlyCount "54"]
[EventDate "2008.02.02"]
[EventType "swiss"]
[EventRounds "9"]
[EventCountry "RUS"]
[Source "lmi"]
[SourceDate "2008.02.02"]

1. e4 c5 2. d4 cxd4 3. c3 Nf6 4. e5 Nd5 5. Qxd4 e6 6. Bc4 Nc6 7. Qe4 Nb6 8. Bb5
a6 9. Bd3 d6 10. exd6 Qxd6 11. Nf3 Qd5 12. Qe2 Bd6 13. O-O Ne5 14. Be4 Qc4 15.
Qc2 Nxf3+ 16. Bxf3 Bxh2+ 17. Kxh2 Qxf1 18. Be2 Qe1 19. Bf4 Bd7 20. Bg3 Nd5 21.
b3 Rc8 22. c4 h5 23. Bf3 Nf6 24. Qd1 Ng4+ 25. Kh3 Qxd1 26. Bxd1 e5 27. Kh4 f6
0-1

[Event "4. Moscu Open 2008"]
[Site "Moscu RUS"]
[Date "2008.02.03"]
[Round "2.105"]
[White "Inants, Aghasi"]
[Black "Reshetnikov, Alexey"]
[Result "0-1"]
[WhiteElo "2241"]
[BlackElo "2388"]
[PlyCount "68"]
[EventDate "2008.02.02"]
[EventType "swiss"]
[EventRounds "9"]
[EventCountry "RUS"]
[Source "lmi"]
[SourceDate "2008.02.02"]

1. e4 c5 2. Nf3 e6 3. d4 cxd4 4. Nxd4 Nc6 5. Nc3 Qc7 6. Be2 a6 7. O-O Nf6 8.
Be3 b5 9. Nxc6 dxc6 10. f4 Be7 11. e5 Nd5 12. Nxd5 cxd5 13. Bd3 g6 14. Qf3 Bd7
15. Rae1 b4 16. f5 gxf5 17. Qg3 Bb5 18. Qg7 Rf8 19. Bf4 Kd7 20. Re2 h5 21. Rd1
Bxd3 22. cxd3 Rac8 23. Qh7 h4 24. Qh5 Qd8 25. h3 Qb6+ 26. Kh1 Qd4 27. Bg5 Bxg5
28. Qxg5 Rg8 29. Qf6 Ke8 30. Qh6 Rg6 31. Qh8+ Kd7 32. Qh7 Ke7 33. Qh5 Qf4 34.
Qh7 Qg5 0-1

[Event "4. Moscu Open 2008"]
[Site "Moscu RUS"]
[Date "2008.02.03"]
[Round "2.106"]
[White "Ozolin, Maxim"]
[Black "Loginov, Anton"]
[Result "1-0"]
[WhiteElo "2387"]
[BlackElo "2231"]
[PlyCount "108"]
[EventDate "2008.02.02"]
[EventType "swiss"]
[EventRounds "9"]
[EventCountry "RUS"]
[Source "lmi"]
[SourceDate "2008.02.02"]

1. e4 e5 2. Nf3 Nc6 3. Bb5 Nf6 4. O-O Nxe4 5. d4 Nd6 6. Bxc6 dxc6 7. dxe5 Nf5
8. Qxd8+ Kxd8 9. Nc3 h6 10. h3 Bd7 11. Bf4 Kc8 12. Rad1 b6 13. Bh2 Ne7 14. Nd4
Nf5 15. Nf3 Ne7 16. Nd4 Nf5 17. Nde2 h5 18. Ne4 Be7 19. Bf4 Re8 20. Rfe1 c5 21.
c4 Bc6 22. N2c3 Nd4 23. Nd5 Ne6 24. Be3 Kb7 25. f4 g6 26. Rf1 Ng7 27. g4 Bd8
28. Kf2 a5 29. Kg3 a4 30. Bd2 a3 31. b3 Ne6 32. Bc3 Rh8 33. f5 gxf5 34. gxf5
Rg8+ 35. Kf3 Ng5+ 36. Nxg5 Bxg5 37. Rg1 Bh4 38. Rdf1 Rad8 39. Ke4 Rde8 40. Kf4
Rd8 41. Ke4 Rde8 42. Kf4 Rd8 43. f6 Bd7 44. Rg7 Be6 45. Rfg1 Rh8 46. Ke4 Bf2
47. R1g2 Bd4 48. Bxd4 c6 49. Nf4 Rxd4+ 50. Ke3 Rxf4 51. Kxf4 Rd8 52. Ke3 Rd1
53. Rd2 Re1+ 54. Kf4 Rf1+ 1-0

[Event "4. Moscu Open 2008"]
[Site "Moscu RUS"]
[Date "2008.02.03"]
[Round "2.107"]
[White "Viliavin, Roman"]
[Black "Kargin, Arseny"]
[Result "1-0"]
[WhiteElo "2239"]
[BlackElo "2386"]
[PlyCount "75"]
[EventDate "2008.02.02"]
[EventType "swiss"]
[EventRounds "9"]
[EventCountry "RUS"]
[Source "lmi"]
[SourceDate "2008.02.02"]

1. e4 c5 2. c3 d5 3. exd5 Qxd5 4. d4 Nc6 5. Nf3 Bg4 6. Be2 cxd4 7. cxd4 e6 8.
Nc3 Qa5 9. O-O Nf6 10. h3 Bh5 11. Be3 Bd6 12. Qb3 Qb4 13. Nb5 Qxb3 14. Nxd6+
Kd7 15. axb3 Kxd6 16. g4 Bg6 17. Ne5 Nd5 18. Rfc1 Ncb4 19. Ra4 f6 20. Bd2 Nc6
21. Nxc6 bxc6 22. Ra6 Rhc8 23. b4 Be8 24. b5 g5 25. Bf3 Rab8 26. Bxd5 Kxd5 27.
Rc5+ Kxd4 28. Be3+ Ke4 29. Ra4+ Kf3 30. Rc3 Ke2 31. Bxa7 c5 32. Bxb8 Rxb8 33.
Re4+ Kd2 34. Rxe6 Bxb5 35. Rd6+ Ke1 36. Rc1+ Ke2 37. Rxc5 Ke1 38. Rxf6 1-0

[Event "4. Moscu Open 2008"]
[Site "Moscu RUS"]
[Date "2008.02.03"]
[Round "2.108"]
[White "Gorbatov, Alexej"]
[Black "Rettore, Ludwig"]
[Result "0-1"]
[WhiteElo "2384"]
[BlackElo "2210"]
[PlyCount "54"]
[EventDate "2008.02.02"]
[EventType "swiss"]
[EventRounds "9"]
[EventCountry "RUS"]
[Source "lmi"]
[SourceDate "2008.02.02"]

1. e4 e5 2. Nf3 Nf6 3. Nxe5 d6 4. Nf3 Nxe4 5. Nc3 Nxc3 6. dxc3 Be7 7. Bf4 Nc6
8. Qd2 O-O 9. O-O-O Be6 10. Bd3 Qd7 11. h4 Rfe8 12. Rdg1 a5 13. g4 Bxg4 14. Bh6
g6 15. h5 Bxf3 16. hxg6 fxg6 17. Bxg6 hxg6 18. Rxg6+ Kf7 19. Rg7+ Ke6 20. Re1+
Ne5 21. Qf4 Qc6 22. Bg5 Bxg5 23. Qxg5 Kd5 24. a4 Qc4 25. b3 Qxc3 26. Re3 Qa1+
27. Kd2 Qd1+ 0-1

[Event "4. Moscu Open 2008"]
[Site "Moscu RUS"]
[Date "2008.02.03"]
[Round "2.109"]
[White "Predein, Vladimir"]
[Black "Tjurins, Ilja"]
[Result "1-0"]
[WhiteElo "2382"]
[BlackElo "2193"]
[PlyCount "52"]
[EventDate "2008.02.02"]
[EventType "swiss"]
[EventRounds "9"]
[EventCountry "RUS"]
[Source "lmi"]
[SourceDate "2008.02.02"]

1. d4 Nf6 2. Nf3 g6 3. c4 Bg7 4. Nc3 O-O 5. e4 d6 6. Be2 e5 7. Be3 Nc6 8. d5
Ne7 9. Nd2 Ne8 10. f3 f5 11. Qc2 Bd7 12. O-O-O c6 13. Kb1 Nc7 14. c5 cxd5 15.
cxd6 d4 16. Bg5 Bf6 17. Bxf6 Rxf6 18. dxc7 Qxc7 19. Bc4+ Be6 20. Bxe6+ Rxe6 21.
Qb3 Qd7 22. Nb5 Kf8 23. a4 Rb6 24. Nc4 Qe6 25. Nc7 Rxb3 26. Nxe6+ Kf7 1-0

[Event "4. Moscu Open 2008"]
[Site "Moscu RUS"]
[Date "2008.02.03"]
[Round "2.110"]
[White "Abasov, Nijat Azad"]
[Black "Pichugin, Andrei"]
[Result "1/2-1/2"]
[WhiteElo "2381"]
[BlackElo "2176"]
[PlyCount "56"]
[EventDate "2008.02.02"]
[EventType "swiss"]
[EventRounds "9"]
[EventCountry "RUS"]
[Source "lmi"]
[SourceDate "2008.02.02"]

1. c4 Nf6 2. Nc3 e5 3. g3 g6 4. Bg2 Bg7 5. e4 O-O 6. Nge2 d6 7. O-O Be6 8. d3
Qd7 9. Nd5 Nh5 10. f4 f5 11. fxe5 dxe5 12. exf5 Rxf5 13. Rxf5 Bxf5 14. Bg5 Nc6
15. Qd2 Re8 16. Re1 Nd8 17. Be4 c6 18. Bxf5 gxf5 19. Ndc3 Ne6 20. Rf1 Rf8 21.
Be3 b6 22. g4 f4 23. gxh5 Ng5 24. Ng3 Qg4 25. Qe2 Qh3 26. Nce4 Nxe4 27. dxe4
fxe3 28. Rxf8+ Kxf8 1/2-1/2